000
00290nam a22001097a 4500
008
230627b xxu||||| |||| 00| 0 eng d
082
_2
16
_a
338.109
_b
SPE 1983
245
_a
Fream's Agriculture
260
_b
Royal Agricultural Society of England
_c
1983
300
_a
XXXI,775p
942
_2
ddc
_c
BK
999
_c
2865
_d
2865